000 00228nam a22001217a 4500
040 _cSK
082 _a307
100 _aNA
245 _aសហគមន៍ជនបទ
260 _aRUA
_bNA
_cNA
300 _a131p.
942 _cKB
999 _c9009
_d9009